000
00161nam a22000857a 4500
082
_a
823
_b
STE/T
100
_a
STEVESON, R L
245
_a
TREASURE ISLAND
942
_c
BK
999
_c
8073
_d
8073